000
00294nam a2200109Ia 4500
008
171211s9999 xx 000 0 und d
245
_a
Acrylic Painting With Lee Hammond
245
_c
Lee Hammond
260
_c
2006
650
_x
Design
856
_u
http://down.ebook777.com/059/1581807090.pdf
999
_c
347980
_d
347980